000 01047nam a2200277Ia 4500
001 dia_6492
003 CHAP
005 20230320094134.0
008 220117s2016 xx 000 0 und d
010 _a178803
040 _cCHAP
082 _aC 630.972 M495 2016
110 _aMéxico. Secretaría de Agricultura, Ganadería, Desarrollo Rural, Pesca y Alimentación
_977148
245 _aAtlas agroalimentario México 2016 /
_c SAGARPA, Servicio de Información Agroalimentaria y Pesca
260 _aMéxico :
_b SAGARPA. SIAP,
_c2016
300 _a231 p.
503 _aD.
590 _aC HD9014.M6 M49 2016
650 _aMéxico
_xAgricultura
_xAtlas
_9162943
650 _aMéxico
_xAgriculture
_xAtlases
_9162944
710 _aServicio de Información Agroalimentaria y Pesca (SIAP) \ Secretaría de Agricultura, Ganadería, Desarollo Rural, Pesca y Alimentación (SAGARPA)
_9160653
901 _aC 630.972 M495 2016
902 _aM
905 _a5232272016 mx bdn 8225223322spa16
942 _cLIBRO
_2ddc
999 _c178803
_d178803